Bienvenue à la Médiathèque de Saint-Andiol
banniere
Accueil Recherche avancée Mon compte
handi1 Rechercher dans le catalogue

Filtre   Mots-clés
  Recherche avancée
 
Lister les dernières nouveautés
 
Lister les livres GROS CARACTERES
 
Lister les périodiques (magazines)

handi1 Au top, chef !

Book Cover
Auteur principal : Nob
Titre : Au top, chef !
Support : Livres
Langue : Francais
Publié : DL 2025 BD Kids Toulouse
Series : La cantoche
Genre : Bande Dessinée (enfants)
Collection : La cantoche
Sujets :
Étiquettes :
Pas de tags
LEADER 01201nam0a2200205 450
001 16868357
010 |a 979-10-363-6324-5  |b br.  |d 11,5 € 
100 |a 20260529d2026 u u0frey01 ba 
101 0 |a fre 
102 |a FR 
200 0 |a Au top, chef !  |f Nob 
207 1 |a   
210 |a Toulouse  |c BD Kids  |d DL 2025 
215 |a 1 vol. (60 p.)  |c ill. en coul.  |d 21 cm 
225 1 |a La cantoche  |v 10 
330 |a A la cantoche, c'est tous les jours pareilAvec des pommes de terre, le chef fait des merveilles.Une portion de frites, voire deux, voire dix,Et on se régale jusqu'au bout du service !A la fin du repas, on le dit derechef :Merci, vous êtes au top, chef !La cantoche, c'est la série qui régale les petits et les grands !Qu'on l'aime on qu'on la fuit, la cantoche ne laisse pas indifférent. Nob capture avec saveur les petits plaisirs et les grand dégoûts de ce lieu emblématique... il y en aura pour tous les goûts !Vous reprendrez bien un peu de Nob ?Une série pour les fans de Mamette et Dad. 
461 0 |t La cantoche  |v 10 
700 0 |a Nob  |f 1973-....  |4 70 
900 |a Bande Dessinée (enfants) 
995 |a Médiathèque  |c Médiathèque  |f 089021919  |h 089021919  |k BD CAN  |o p  |q j  |r az  |e Médiathèque